| 000 | 00426nam a22001697a 4500 | ||
|---|---|---|---|
| 003 | OSt | ||
| 005 | 20211108143248.0 | ||
| 008 | 211108b |||||||| |||| 00| 0 eng d | ||
| 020 | _a0 85199 109 2 | ||
| 040 | _cHawassa university | ||
| 050 | _a633.3/MCK | ||
| 082 | _a633.3/MCK | ||
| 100 |
_aMckersie b.d. _917282 |
||
| 245 | _aBiotechnology and the | ||
| 260 |
_aNew york _bCAB international _c1997 |
||
| 942 |
_2ddc _cBOOKS _n0 |
||
| 999 |
_c17146 _d17146 |
||